| 000 | 00833nam a2200229Ia 4500 | ||
|---|---|---|---|
| 999 |
_c4083 _d4083 |
||
| 003 | GBCCL | ||
| 005 | 20241126110510.0 | ||
| 008 | 180110b xxu||||| |||| 00| 0 eng d | ||
| 020 | _a0830720650 | ||
| 040 | _cgbc | ||
| 082 |
_a248.83 _bBUR |
||
| 100 |
_aBurns, Jim _94836 |
||
| 245 |
_aSurviving Adolescence: _bLearning to Like Yourself and Make Wise Decisions / _cJim Burns |
||
| 260 |
_bRegal Books, _aCalifornia: _c1997 |
||
| 300 |
_a150 p.; _bill., _c22 cm. |
||
| 650 |
_aTeenagers _vReligious life _xJuvenile literature _97838 |
||
| 650 |
_aSelf-esteem in adolescence _vReligious aspects _vChristianity _xJuvenile literature _97839 |
||
| 650 |
_aTeenagers _vConduct of life _xJuvenile literature _97840 |
||
| 650 |
_aChristian life _vJuvenile literature _95852 |
||
| 650 |
_aAdolescence _vJuvenile literature _97841 |
||
| 942 |
_2ddc _cBK _05 |
||